| 000 | 00559nam a2200205Ia 4500 | ||
|---|---|---|---|
| 005 | 20250923145652.0 | ||
| 008 | 008 250917s9999 xx 000 0 eng d | ||
| 037 | _aTextual | ||
| 040 |
_aDSWL _beng _cDSWL |
||
| 041 |
_aeng _2eng |
||
| 084 |
_aV2Q7:51wM76, N84 _qDSWL |
||
| 100 |
_aWolpert, S. _9837744 |
||
| 245 | 0 |
_aJinnah of Pakistan _c by S. Wolpert |
|
| 260 |
_aNew York _b Oxford _c1984 |
||
| 300 | _axii,481 p. | ||
| 365 |
_aINR _b134 |
||
| 925 | _g134 | ||
| 942 |
_cTEXL _hV2Q7:51wM76, N84 |
||
| 999 |
_c1454142 _d1454142 |
||